Drawing masterclass / (Record no. 26272)
[ view plain ]
| 000 -LEADER | |
|---|---|
| fixed length control field | 00997cam a2200289 a 4500 |
| 001 - CONTROL NUMBER | |
| control field | 1562625 |
| 005 - DATE AND TIME OF LATEST TRANSACTION | |
| control field | 20170203152437.0 |
| 008 - FIXED-LENGTH DATA ELEMENTS--GENERAL INFORMATION | |
| fixed length control field | 920416s1992 maua 000 0 eng |
| 010 ## - LIBRARY OF CONGRESS CONTROL NUMBER | |
| LC control number | 92053194 |
| 020 ## - INTERNATIONAL STANDARD BOOK NUMBER | |
| International Standard Book Number | 0821219855 : |
| Terms of availability | $29.95 |
| 040 ## - CATALOGING SOURCE | |
| Original cataloging agency | DLC |
| Transcribing agency | DLC |
| Modifying agency | DLC |
| 043 ## - GEOGRAPHIC AREA CODE | |
| Geographic area code | e-uk-en |
| 050 00 - LIBRARY OF CONGRESS CALL NUMBER | |
| Classification number | NC735 |
| Item number | .B56 1992 |
| 100 1# - MAIN ENTRY--PERSONAL NAME | |
| Personal name | Bowen, Ron. |
| 245 10 - TITLE STATEMENT | |
| Title | Drawing masterclass / |
| Statement of responsibility, etc. | Ron Bowen. |
| 250 ## - EDITION STATEMENT | |
| Edition statement | 1st North American ed. |
| 260 ## - PUBLICATION, DISTRIBUTION, ETC. (IMPRINT) | |
| Place of publication, distribution, etc. | Boston : |
| Name of publisher, distributor, etc. | Bulfinch Press, |
| Date of publication, distribution, etc. | c1992. |
| 300 ## - PHYSICAL DESCRIPTION | |
| Extent | 160 p. : |
| Other physical details | ill. (some col.) ; |
| Dimensions | 30 cm. |
| 610 20 - SUBJECT ADDED ENTRY--CORPORATE NAME | |
| Corporate name or jurisdiction name as entry element | Slade School of Fine Art. |
| 650 #0 - SUBJECT ADDED ENTRY--TOPICAL TERM | |
| Topical term or geographic name as entry element | Drawing |
| General subdivision | Technique. |
| 650 #0 - SUBJECT ADDED ENTRY--TOPICAL TERM | |
| Topical term or geographic name as entry element | Drawing |
| General subdivision | Study and teaching. |
| 942 ## - ADDED ENTRY ELEMENTS (KOHA) | |
| Source of classification or shelving scheme | |
| Koha item type | Hard Covered Materials |
| Classification part | NC735 .B56 1992 |
| Withdrawn status | Lost status | Source of classification or shelving scheme | Damaged status | Not for loan | Home library | Current library | Shelving location | Date acquired | Source of acquisition | Total Checkouts | Full call number | Barcode | Date last seen | Price effective from | Koha item type |
|---|---|---|---|---|---|---|---|---|---|---|---|---|---|---|---|
| MACHAKOS UNIVERSITY LIBRARY | MACHAKOS UNIVERSITY LIBRARY | Open shelf | 03/02/2017 | Donation(BFA) | NC735 .B56 1992 | 33741 | 03/02/2017 | 03/02/2017 | Hard Covered Materials |